00263nam a2200097Ia 4500008004100000100002200041245002900063245002300092260000900115856004100124160531s9999 xx 000 0 und d aWaldmann, Stefan. aGeometric Wave Equations cby Stefan Waldmann c2012 uhttp://arxiv.org/pdf/1208.4706v1.pdf